| 000 | 00578nam a2200193 4500 | ||
|---|---|---|---|
| 001 | 113354 | ||
| 003 | ES-MaACL | ||
| 005 | 20230906185846.0 | ||
| 007 | t| | ||
| 008 | 061121s1963 sp r ||||1| spa d | ||
| 100 | 1 |
_aNishida, Kitaro. _985768 |
|
| 245 | 1 | 0 |
_aEnsayo sobre el bien / _cKitaro Nishida ; traducción de Anselmo Mataix, José M. de Vera. |
| 260 |
_aMadrid : _bRevista de Occidente, _c1963. |
||
| 300 |
_a305 p. ; _c20 cm. |
||
| 650 | 0 | 0 |
_aBien. _910556 |
| 700 | 1 |
_aMataix, Anselmo. _978905 |
|
| 700 | 1 |
_aVera, José M. de. _9113946 |
|
| 852 |
_aES-MaACL _jC-23900 |
||
| 999 |
_c113354 _d113354 |
||